000 00565nab a2200217 a 4500
001 71496
003 145574
005 20201118110935.0
008 ||||||n9999 ||| || ||
041 _aspa
245 0 _aEl calor del hogar
260 _aEspaƱa :
_bAgencia de la ONU para los Refugiados -ACNUR-,
_c1996.
300 _app.12-13
562 _e0
650 _aASENTAMIENTOS HUMANOS
650 _aASISTENCIA HUMANITARIA
650 _aCONDICIONES DE VIVIENDA
650 _aSOMALIA- AFRICA
773 _070972
_aRefugiados - No.93
942 _cSART
999 _c71496
_d71496